000 00236nam a2200097Ia 4500
005 20251222114351.0
008 251222s1900||||xx |||||||||||||| ||spa||
082 _aDVD0070/M55/1998
245 0 _aEl tren de la vida:Train de Vie
942 _cDVD
999 _c1232
_d1232